Les talents immunitaires (Pokémon) - Statistiques

Statistiques générales
  • Ce quiz a été pris 21 fois
  • Le résultat moyen est 23 sur 62
Statistiques - réponses
Immunité à Talent en question % Correct
Eau Absorbe-Eau
94%
Electrik Absorbe-Volt
76%
Sol/Champs/Entry Hazards Lévitation
76%
Feu Torche
76%
Son Anti-Bruit
71%
Eau Lavabo
71%
Electrik Paratonnerre
71%
Sol Absorbe-Terre
65%
Attaques non efficaces Garde Mystik
65%
Plante Herbivore
65%
Capacités d'Autodestruction Moiteur
65%
Peur Attention
59%
Attraction Benêt
59%
Paralysie Echauffement
59%
Baisse de Précision Regard Vif
59%
Capacités OHKO Fermeté
53%
Contrecoup Tête de Roc
53%
Coups Critiques Coque Armure
47%
Baisse de stats Corps Sain
47%
Sommeil Insomnia
47%
Poison Vaccin
47%
Tempête de Sable Voile Sable
47%
Attaques de Priorité Armure Caudale
41%
Tempête de Sable Baigne Sable
41%
Tous les Statuts Hypersommeil
41%
Gel Armumagma
35%
Coups Critiques Armurbaston
35%
Baisse de défense Coeur de Coq
35%
Capacités de Statut Corps en Or
35%
Baisse de stats Ecran Fumée
35%
Tempête de Sable/Poudre Envelocape
35%
Tempête de Sable Force Sable
35%
Dégâts indirects Garde Magik
35%
Projectiles Pare-Balles
35%
Effets secondaires Ecran Poudre
29%
Capacités de Statut Miroir Magik
29%
Attaques de Priorité Prestance Royale
29%
Immunités du type Spectre Querelleur
29%
Capacités des alliés (duo) Télépathe
29%
Confusion Tempo Perso
29%
Switch Forcé Ventouse
29%
Baisse de stats Armure Miroir
24%
Sommeil Esprit Vital
24%
Baisse d'attaque Hyper Cutter
24%
Feu Mer Primaire
24%
Electrik Motorisé
24%
Altérations de Statut Sel Purificateur
24%
Poison Voile Pastel
24%
Feu Bien Cuit
18%
Eau Terre Finale
18%
Attaques limitant choix de capacités Aroma-Voile
12%
Sommeil Gluco-Voile
12%
Brulure Ignifu-Voile
12%
Immunités du type Spectre Oeil Révélateur
12%
Eau Peau Sèche
12%
Brulure Thermodynamique
12%
Brulure Aquabulle
6%
Baisses de Stats (Types Plante) Flora-Voile
6%
Baisse de stats Métallo-Garde
6%
Capacités de Statut Bouclier-Carcan
0%
Switch forcé Chien de Garde
0%
Baisse de Précision Luminescence
0%
Aucun quiz correspondant
Distribution des résultats
% des personnes avec chaque résultat
Percentile par nombre de réponses
Votre historique - résultats
Vous n’avez pas pris ce quiz